UM Logo

Empowered librarians: (Record no. 9599)

MARC details
000 -LEADER
fixed length control field 00400nam a2200121 4500
008 - FIXED-LENGTH DATA ELEMENTS--GENERAL INFORMATION
fixed length control field 180711b ||||| |||| 00| 0 eng d
100 ## - MAIN ENTRY--PERSONAL NAME
9 (RLIN) 28521
Personal name Amarillo, Elmer L.
245 ## - TITLE STATEMENT
Title Empowered librarians:
Remainder of title Alps holds national conference for public librarians 2016
Statement of responsibility, etc. Elmer L. Amarillo
260 ## - PUBLICATION, DISTRIBUTION, ETC. (IMPRINT)
Place of publication, distribution, etc. Davao City
Name of publisher, distributor, etc. Sun Star Davao
Date of publication, distribution, etc. c2016
300 ## - PHYSICAL DESCRIPTION
Extent page 11.
650 #0 - SUBJECT ADDED ENTRY--TOPICAL TERM
9 (RLIN) 28522
Topical term or geographic name as entry element Professions.
942 ## - ADDED ENTRY ELEMENTS (KOHA)
Source of classification or shelving scheme Dewey Decimal Classification
Koha item type Periodicals

No items available.